000 00437nam a2200193Ia 4500
008 151119s9999||||xx |||||||||||||| ||und||
082 _a294.592
082 _bGKKV22968
100 _aSWAMI CHINMAYANANDA
245 _aBHAGVAD GEETA
260 _a--
260 _b--
260 _c0
600 _aSWAMI CHINMAYANANDA
630 _aBHAGVAD GEETA
700 _aSWAMI CHINMAYANANDA
730 _aBHAGVAD GEETA
942 _cBOOK
999 _c1075663
_d1075660